00501nmm a2200145Ia 4500008004100000020001800041041000800059100002700067245006700094264006800161300001800229490002500247650003200272856005100304251105s9999||||xx |||||||||||||||||und|| a9786071604415 aspa aAguayo Quezada, Sergio 0aLa transición en México :b Historia documental, 1910-2010 a[México D.C., Mexico] :bFondo de Cultura Económica, c2011 a725 páginas aPolítica y Derecho aPolitical Science (General) uhttps://public.digitaliapublishing.com/a/64688